000 00853nam a2200217 a 4500
003 0
005 20250306085654.0
008 090706s19uu xx 00 eng d
050 _aPGS LB 1050.46
_b.M712 2009
100 _aMoille, Jun David.
245 _aReading lexile level and science achievement of grade 6 students of SISC /
_cJun David Moille.
260 _aLas PiƱas City, Philippines :
_bSouthville International School and Colleges,
_c2009.
300 _aUnnumbered :
_billustrations ;
_c28 cm.
504 _aIncludes bibliographical references.
650 _aReading
_vAbility testing.
650 _aReading comprehension
_vLexile framework.
650 _aScience
_vStudy and teaching (Elementary).
650 _aAcademic achievement
_vScience education.
650 _aReading ability and academic performance.
942 _2lcc
_cPASS
999 _c98193
_d98193